| Tag |
First Indicator |
Second Indicator |
Subfields |
| LEADER |
00000cam a2200000 4500 |
| 001 |
in00000040508 |
| 005 |
20151007074442.0 |
| 008 |
760316s1936 mnuaf b 00110 eng |
| 010 |
|
|
|a 39028506
|
| 035 |
|
|
|a (OCoLC)02053080
|
| 035 |
|
|
|9 AAF1542AM
|
| 040 |
|
|
|a DLC
|c EXK
|d TXA
|d UtOrBLW
|
| 049 |
|
|
|a TXAM
|v 1 [113277]
|v 2 [113278]
|a TXAS [knam]
|v 1
|v 2
|
| 050 |
0 |
0 |
|a QL684.M6
|b R47 1936
|
| 082 |
0 |
|
|a 598.29776
|
| 092 |
|
|
|a 598.2
|b R647b
|
| 100 |
1 |
|
|a Roberts, Thomas S.
|q (Thomas Sadler),
|d 1858-1946.
|
| 245 |
1 |
4 |
|a The birds of Minnesota /
|c by Thomas S. Roberts ... Illustrated with ninety-two color plates by Allan Brooks, George Miksch Sutton, Walter Alois Weber, Francis Lee Jacques, Walter John Breckenridge, including one plate by the late Louis Agassiz Fuertes.
|
| 250 |
|
|
|a 2d ed., rev.
|
| 264 |
|
1 |
|a Minneapolis :
|b The University of Minnesota Press;
|a London :
|b H. Milford, Oxford University Press,
|c 1936.
|
| 300 |
|
|
|a 2 volumes :
|b color frontispiece, illustrations, 90 color plate, diagrams ;
|c 29 x 23 cm.
|
| 336 |
|
|
|a text
|b txt
|2 rdacontent
|
| 337 |
|
|
|a unmediated
|b n
|2 rdamedia
|
| 338 |
|
|
|a volume
|b nc
|2 rdacarrier
|
| 500 |
|
|
|a Cushing Library/Kelsey Americana Coll. copy in slipcase.
|
| 500 |
|
|
|a At head of title: Museum of Natural History, University of Minnesota.
|
| 504 |
|
|
|a Bibliography: v.II, pages [733]-803.
|
| 650 |
|
0 |
|a Birds
|z Minnesota.
|
| 650 |
|
0 |
|a Birds
|z Minnesota
|x Bibliography.
|
| 710 |
2 |
|
|a University of Minnesota.
|b Museum of Natural History.
|
| 999 |
|
|
|a MARS
|
| 999 |
f |
f |
|s b54612c3-b339-3685-a503-e5ab253109d4
|i 4abafa2b-9e00-30bd-ba65-7811769d45b4
|t 0
|
| 952 |
f |
f |
|p noncirc
|a Texas A&M University
|b College Station
|c Cushing Memorial Library & Archives
|d Cushing: Kelsey Americana (Does not check out)
|t 0
|e QL684.M6 R47 1936
|h Library of Congress classification
|i unmediated -- volume
|k v.1
|
| 952 |
f |
f |
|p noncirc
|a Texas A&M University
|b College Station
|c Cushing Memorial Library & Archives
|d Cushing: Kelsey Americana (Does not check out)
|t 0
|e QL684.M6 R47 1936
|h Library of Congress classification
|i unmediated -- volume
|k v.2
|
| 952 |
f |
f |
|p noncirc
|a Texas A&M University
|b College Station
|c Cushing Memorial Library & Archives
|d Cushing: Kincaid/North America (Remote Storage: 2-3 day retrieval)
|t 0
|e QL684.M6 R47 1936
|h Library of Congress classification
|i unmediated -- volume
|
| 952 |
f |
f |
|p ric
|a Texas A&M University
|b Rellis Campus
|c Joint Library Facility
|d Remote Storage
|t 0
|e QL684.M6 .R47 1936
|h Library of Congress classification
|i unmediated -- volume
|k v.1
|m A14801022191
|
| 952 |
f |
f |
|p ric
|a Texas A&M University
|b Rellis Campus
|c Joint Library Facility
|d Remote Storage
|t 0
|e QL684.M6 .R47 1936
|h Library of Congress classification
|i unmediated -- volume
|k v.2
|m A14801022206
|
| 998 |
f |
f |
|a QL684.M6 R47 1936
|s v.1-v.2
|t 0
|l Cushing: Kelsey Americana (Does not check out)
|
| 998 |
f |
f |
|a QL684.M6 R47 1936
|s v.1-v.2
|t 0
|l Cushing: Kincaid/North America (Remote Storage: 2-3 day retrieval)
|
| 998 |
f |
f |
|a QL684.M6 .R47 1936
|s v.1-2
|t 0
|l Remote Storage
|